00523 2200193 4500001002100000005001700021008004100038035002400079040001200103082001400115084002000129100001700149245003300166260005200199300003100251650001700282850001200299990001800311INLIS00000000002604920170308095304.0  0010-031700000000159 aYOPDYOG 223a798.4 aNUS 798.4 Wid K aWIDYA NAYATI aKarapan sapic/ Widya Nayati aYogyakartabBali Pelestarian Nilai Budayac2012 a32 hlm.b: ilus.c; 24 cm. aKarapan Sapi aYOPDYOG a46012-PD/A.13